header

Shared histories (Record no. 101584)

MARC details
000 -LEADER
fixed length control field 01469nam a2200373 a 4500
082 04 - DEWEY DECIMAL CLASSIFICATION NUMBER
Classification number 956.94
245 00 - TITLE STATEMENT
Title Shared histories
260 ## - PUBLICATION, DISTRIBUTION, ETC. (IMPRINT)
Place of publication Walnut Creek, Calif. :
Name of publisher Left Coast Press,
Year of publication c2005.
300 ## - PHYSICAL DESCRIPTION
Number of Pages x, 298 p. :
Other physical details maps.
650 #0 - SUBJECT ADDED ENTRY--TOPICAL TERM
Topical Term Arab-Israeli conflict
Topical Term Palestinian Arabs
700 1# - ADDED ENTRY--PERSONAL NAME
Personal name Scham, Paul.
Personal name Salem, Walid.
Personal name Pogrund, Benjamin.
856 40 - ELECTRONIC LOCATION AND ACCESS
Uniform Resource Identifier http://site.ebrary.com/lib/rucke/Doc?id=10379861

No items available.

© 2026 Rongo University
Contact us: librarian | system librarian | Rongo university